La ocupación de la República Dominicana por los Estados Unidos y el derecho de las pequeñas nacionalidades de america / (Registro nro. 24231)

Detalles MARC
000 -LEADER
fixed length control field 00763nam a22001937a 4500
003 - CONTROL NUMBER IDENTIFIER
control field DO-CoUTE
005 - DATE AND TIME OF LATEST TRANSACTION
control field 20260525140627.0
008 - FIXED-LENGTH DATA ELEMENTS--GENERAL INFORMATION
fixed length control field 260525b dr ||||| |||| 00| 0 spa d
040 ## - CATALOGING SOURCE
Original cataloging agency DO-CoUTE
Language of cataloging spa
Transcribing agency DO-CoUTE
082 ## - DEWEY DECIMAL CLASSIFICATION NUMBER
Classification number RD972.93052R741O
100 1# - MAIN ENTRY--PERSONAL NAME
Personal name De Leuchsenring Roig, Emilio
Relator term Autor
245 10 - TITLE STATEMENT
Title La ocupación de la República Dominicana por los Estados Unidos y el derecho de las pequeñas nacionalidades de america /
Statement of responsibility, etc. Emilio Roig de Leuchsenring
260 ## - PUBLICATION, DISTRIBUTION, ETC.
Place of publication, distribution, etc. Santo Domingo ;
Name of publisher, distributor, etc. Archivo General de la nación
Date of publication, distribution, etc. 2017
300 ## - PHYSICAL DESCRIPTION
Extent 134 Paginas :
Other physical details ilustraciones ;
Dimensions 23cm,
504 ## - BIBLIOGRAPHY, ETC. NOTE
Bibliography, etc. note Incluye referencia bibliográfica e índice.
650 #4 - SUBJECT ADDED ENTRY--TOPICAL TERM
Topical term or geographic name entry element ocupación norteamerica
700 1# - ADDED ENTRY--PERSONAL NAME
Personal name Emilio Roig de Leuchsenring
Relator term Autor
942 ## - ADDED ENTRY ELEMENTS (KOHA)
Source of classification or shelving scheme Dewey Decimal Classification
Koha item type Libros
Existencias
Withdrawn status Lost status Source of classification or shelving scheme Damaged status Not for loan Collection code Home library Current library Shelving location Date acquired Inventory number Total Checkouts Full call number Barcode Date last seen Copy number Price effective from Koha item type
    Dewey Decimal Classification     Colección Dominicana Biblioteca UTECO Biblioteca UTECO En Estantería 05/25/2026 023968   RD972.93052R741O 023968 05/25/2026 Ej.1 05/25/2026 Libros
    Dewey Decimal Classification     Colección Dominicana Biblioteca UTECO Biblioteca UTECO En Estantería 05/25/2026 023967   RD972.93052R741O 023967 05/25/2026 Ej.2 05/25/2026 Libros
© 2021 Derechos Reservados UTECO - Teléfono: +1 809-585-2291 - Correo electrónico: biblioteca@uteco.edu.do​  
Código postal 43000 ​​
Dirección: Avenida Universitaria No. 100, 
Cotuí, Provincia Sánchez Ramírez, República Dominicana - RNC: 404-00059-6